000 00559nam a22001937a 4500
003 koha_MIRAKIL
005 20231213100320.0
008 231213b |||||||| |||| 00| 0 ||| d
020 _b978-9-75999445-7
040 _aTR-IsEVY
_btur
_cTR-IsEVY
082 _a828 BAK/G
100 _aBaker, Laura.
245 0 _aGünlüğünden sevgilerle
_bDostun bol olsun
260 _bBeyaz Balina Yayınları,
_c2010
300 _a101 s.
650 _aEnglish literature -- Children books.
650 _aİngiliz edebiyatı -- Çocuk kitapları.
942 _2ddc
_cBK
999 _c17991
_d17991